kku e-library facility

Prescott's Principles of Microbiology (Record no. 185)

MARC details
000 -LEADER
fixed length control field 00436nam a2200145 4500
005 - DATE AND TIME OF LATEST TRANSACTION
control field 20260227115318.0
008 - FIXED-LENGTH DATA ELEMENTS--GENERAL INFORMATION
fixed length control field 260227b |||||||| |||| 00| 0 eng d
020 ## - INTERNATIONAL STANDARD BOOK NUMBER
International Standard Book Number 9781260575552
100 ## - MAIN ENTRY--PERSONAL NAME
Personal name Willey M. Joanne, Sandman M. Kathleen
245 ## - TITLE STATEMENT
Title Prescott's Principles of Microbiology
Statement of responsibility, etc. /Joanne Willey
250 ## - EDITION STATEMENT
Edition statement 2nd Edition
260 ## - PUBLICATION, DISTRIBUTION, ETC.
Place of publication, distribution, etc. New York;
Name of publisher, distributor, etc. McGraw-Hill Education;
Date of publication, distribution, etc. 2021
300 ## - PHYSICAL DESCRIPTION
Extent xx,785p. ill;
Dimensions 27.5cm
942 ## - ADDED ENTRY ELEMENTS (KOHA)
Source of classification or shelving scheme Library of Congress Classification
Suppress in OPAC No
Koha item type Books

No items available.

©2025 All rights reserved. KKU